Comparative study of the energy consumption and vulcanisate properties of ISNR-20 and RMA-4 in truck tyre ply skim and tread cap compounds (Record no. 55964)

MARC details
000 -LEADER
fixed length control field 00601nam a2200145Ia 4500
100 ## - MAIN ENTRY--AUTHOR NAME
Personal name Mohamed P K
245 #0 - TITLE STATEMENT
Title Comparative study of the energy consumption and vulcanisate properties of ISNR-20 and RMA-4 in truck tyre ply skim and tread cap compounds
260 ## - PUBLICATION, DISTRIBUTION, ETC. (IMPRINT)
Name of publisher Natural Rubber: Current Developments in Product Manufacture and Applications: Proceedings of the International Rubber Technology Conferencce, Kuala Lumpur, 1993; p267-275
650 ## - SUBJECT ADDED ENTRY--TOPICAL TERM
Topical Term Tyre
700 ## - ADDED ENTRY--PERSONAL NAME
Personal name Francis J
700 ## - ADDED ENTRY--PERSONAL NAME
Personal name Joseph Dennis
700 ## - ADDED ENTRY--PERSONAL NAME
Personal name Varkey T D
942 ## - ADDED ENTRY ELEMENTS (KOHA)
Koha item type Journals
Holdings
Withdrawn status Lost status Damaged status Not for loan Home library Current library Shelving location Date acquired Koha item type
      Journals RRII Library RRII Library Rubber general 17/12/2021 Journals